000
00307 a2200157 4500
001
61725
020
_a
8508029438
040
_c
Anchieta - Pituba
100
_a
Silva, Aracy Lopes da
240
1
0
_a
Índios
_l
por
245
1
0
_a
Índios
300
_a
39
362
0
_a
1988
650
4
_a
Brasil
942
_c
BK
999
_c
61725
_d
61725